| 000 | 00649nam a22002057a 4500 | ||
|---|---|---|---|
| 005 | 20150112145122.0 | ||
| 010 | _aENG-111550 | ||
| 020 |
_a9789351427773 _c275.00 |
||
| 035 | _aEN-95082 | ||
| 037 | _bDBAD/PUB | ||
| 082 | _a657.42 | ||
| 100 | _aMadegowda,J. | ||
| 245 |
_aManagement accounting / _cby J.Madegowda [and] Inchara P.M. Gowda |
||
| 260 |
_aMumbai _bHimalaya Publishing House _c2014 |
||
| 270 |
_aRamdoot, Dr. Bhalerao Marg, Girgaon _bMumbai _e400004 |
||
| 300 |
_avi,413p. _c24cm(pbk) |
||
| 500 | _aIncludes bibliographical references and index | ||
| 700 | _aGowda,Inchara P.M. | ||
| 942 |
_2ddc _cEN _mMAD _h657.42 |
||
| 999 |
_c90636 _d90636 |
||